Sudden Death- Name the 2015 Quebec Remparts roster. - Statistiques

Statistiques générales
  • Ce quiz a été pris 4 fois
  • Le résultat moyen est 4 sur 23
Answers on the Grid
Answers color-coded by a green-red scale on the quiz's grid according to % correct below.
Callum Booth
Matthew Boucher
Raphael Maheux
Brian Lovell
Aaron Dutra
Nikolas Brouillard
Charles-David Beaudoin
Cody Donaghey
Ryan Graves
Matt Murphy
Cole Rafuse
Giancarlo Fiori
Olivier Thibodeau
Kelly Klima
Antoine Bibeau
Zachary Fucale
Anthony Duclair
Marc-Olivier Roy
Yu Sato
Olivier Garneau
Yanick Turcotte
Massimo Carozza
Kurt Etchegary
Anthony Chapados
Vladimir tkachev
Guillaume Gauthier
Jérome verrier
Adam Erne
Dmytro Timashov
Marcus Cuomo
 
Statistiques - réponses
Réponse % Correct
Callum Booth
75%
Olivier Thibodeau
75%
Marc-Olivier Roy
50%
Giancarlo Fiori
25%
Guillaume Gauthier
25%
Jérome verrier
25%
Marcus Cuomo
25%
Nikolas Brouillard
25%
Olivier Garneau
25%
Yanick Turcotte
25%
Aaron Dutra
0%
Adam Erne
0%
Anthony Duclair
0%
Brian Lovell
0%
Cody Donaghey
0%
Dmytro Timashov
0%
Kurt Etchegary
0%
Massimo Carozza
0%
Matt Murphy
0%
Raphael Maheux
0%
Ryan Graves
0%
Vladimir tkachev
0%
Zachary Fucale
0%
Aucun quiz correspondant
Distribution des résultats
% des personnes avec chaque résultat
Percentile par nombre de réponses
Votre historique - résultats
Vous n’avez pas pris ce quiz